Compositeurs de musique classique - Statistiques

Statistiques générales
  • Ce quiz a été pris 1 860 fois
  • Le résultat moyen est 20 sur 50
Statistiques - réponses
Baroque % Correct
Wolfgang Amadeus Mozart
98%
Ludwig van Beethoven
93%
Johann Sebastian Bach
90%
Antonio Vivaldi
84%
Frédéric Chopin
84%
Franz Schubert
70%
Claude Debussy
69%
Maurice Ravel
69%
Johannes Brahms
62%
Richard Wagner
62%
Piotr Ilitch Tchaïkovski
61%
Giuseppe Verdi
54%
Franz Liszt
52%
Robert Schumann
52%
Hector Berlioz
51%
Jean-Baptiste Lully
51%
Joseph Haydn
51%
Georg Friedrich Haendel
50%
Richard Strauss
50%
Georges Bizet
49%
Sergueï Prokofiev
49%
Camille Saint-Saëns
48%
Sergueï Rachmaninov
41%
Antonín Dvorák
36%
Edvard Grieg
35%
Erik Satie
34%
Félix Bartholdy Mendelssohn
32%
Jean-Philippe Rameau
32%
Jean Sibelius
30%
Gabriel Fauré
29%
Béla Bartók
28%
Dmitri Chostakovitch
26%
Gustav Mahler
26%
Igor Stravinski
26%
Niccolò Paganini
23%
Antonio Salieri
21%
Johann Pachelbel
20%
Henry Purcell
19%
François Couperin
16%
Nikolaï Rimski-Korsakov
16%
Christoph Willibald von Gluck
15%
Domenico Scarlatti
15%
Georg Philipp Telemann
15%
Edward Elgar
12%
Leonard Bernstein
11%
Arcangelo Corelli
10%
Gustav Holst
9%
Isaac Albéniz
9%
Giuseppe Tartini
6%
Luigi Boccherini
6%
Aucun quiz correspondant
Distribution des résultats
% des personnes avec chaque résultat
Percentile par nombre de réponses
Votre historique - résultats
Vous n’avez pas pris ce quiz